[Event "2nd Sampa STD Open 2025"]
[Site "Sao Paulo"]
[Date "2025.02.01"]
[Round "1"]
[White "Santiago, Yago De Moura"]
[Black "Da Fonseca Pinto, Joao Gabriel Alves"]
[Result "1-0"]
[Annotator "TA"]
[WhiteElo "2451"]
[BlackElo "1952"]
[PlyCount "31"]
[EventDate "2025.02.01"]
[EventType "swiss"]
[EventCountry "BRA"]
[SourceTitle "playchess.com"]
[Source "ChessBase"]
[SourceQuality "1"]

{[%evp 11,18,14,22,8,12,5,24,14,41]} 1. d4 Nf6 2. c4 e6 3. Nc3 Bb4 4. g3 O-O 5. Bg2 d5 6. Nf3 Nbd7 7. O-O {E20: Nimzo-Indian: 4 g3 and 4 f3.} c6 8. Qc2 $1 {[%mdl 4] is more profitable than 8.Qb3 at the moment.} Re8 9. Rd1 Qe7 {Not much happened in this game.   Weighted Error Value: White=0.10 (very precise) /Black=0.11 (very precise)   Inaccurate:     	---       	Black=1} 10. b3 $146 e5 11. dxe5 Nxe5 12. cxd5 Bxc3 13. Qxc3 Nxd5 14. Qxe5 Qxe5 15. Nxe5 Rxe5 16. e4 {1-0 Thejkumar,M (2416)-Piyush,P (2020) IND-chB 48th 2010 (1)} 1-0

[Event "2nd Sampa STD Open 2025"]
[Site "Sao Paulo"]
[Date "2025.02.01"]
[Round "1"]
[White "Ribeiro, Matheus Mendes Domin"]
[Black "De Menezes, Ricardo Fagner Dias"]
[Result "1-0"]
[Annotator "TA"]
[WhiteElo "2328"]
[BlackElo "1911"]
[PlyCount "47"]
[EventDate "2025.02.01"]
[EventType "swiss"]
[EventCountry "BRA"]
[SourceTitle "playchess.com"]
[Source "ChessBase"]
[SourceQuality "1"]

{[%evp 13,47,31,83,83,91,80,89,82,75,77,72,68,74,56,76,80,84,62,87,45,44,50,113,108,156,156,161,168,150,175,169,145,286,282,839,838]} 1. c4 c5 2. Nc3 Nc6 3. Nf3 g6 4. e3 {[%cal Be2e3,Be3d4,Bd4d5][%mdl 32]} Bg7 5. d4 cxd4 6. exd4 d6 7. Be2 Nf6 (7... e6 $14) 8. d5 $16 Nb8 9. O-O Bg4 10. Nd4 {White is better.} Bxe2 11. Qxe2 O-O 12. Re1 {White is much more active. The black rooks are passive.} Re8 13. Be3 Qc8 14. h3 Nbd7 15. Rac1 a6 16. b4 {[%cal Bb2b4,Bb4c5][%mdl 32]} Qd8 17. Nb3 {[%cal Bd4b3,Bb3a5,Ba5c4,Bc4a5][%mdl 32]} Nf8 ({Better is} 17... Nb6 $14) 18. Red1 Rc8 (18... Qc7 $142 19. c5 Rad8) 19. c5 Qd7 20. Na5 dxc5 21. bxc5 Qc7 22. Nc4 N6d7 (22... N8d7 $16 {is a better defense.}) 23. d6 $18 Qc6 {[#]} (23... exd6 24. Nxd6 Nxc5 25. Nxc8 (25. Nxe8 Rxe8 26. Nd5 Qa5 $18) (25. Na4 b6 $18) 25... Qxc8) 24. Na5 {Weighted Error Value: White=0.06 (flawless) /Black=0.24 (precise) .  Mistake:       	---       	Black=4      Inaccurate:     	White=1     	---        OK:         	White=7     	Black=8      Best:        	White=1     	---} 1-0

[Event "2nd Sampa STD Open 2025"]
[Site "Sao Paulo"]
[Date "2025.02.01"]
[Round "1"]
[White "Guimaraes, Diogo Duarte"]
[Black "De Lima, Victor Trevisan"]
[Result "1-0"]
[Annotator "TA"]
[WhiteElo "2299"]
[BlackElo "1928"]
[PlyCount "71"]
[EventDate "2025.02.01"]
[EventType "swiss"]
[EventCountry "BRA"]
[SourceTitle "playchess.com"]
[Source "ChessBase"]
[SourceQuality "1"]

{[%evp 11,71,7,13,8,-6,7,16,16,22,16,8,9,31,34,45,36,59,45,27,47,105,105,97,102,96,96,141,147,140,148,143,141,129,128,177,133,128,135,134,129,191,182,205,212,224,215,210,205,205,199,352,331,379,379,356,346,452,448,455,450,29997,29998]} 1. e4 e5 2. Nf3 Nc6 3. Bc4 Bc5 4. c3 Nf6 5. d4 exd4 6. e5 d5 7. Be2 {C54: Giuoco Piano: 4 c3 Nf6, main lines with 5 d4 and 5 d3.} Ne4 {[%cal Od4d3] Threatens to win with ...d3!.} 8. cxd4 Bb4+ 9. Bd2 {The position is equal.} Bxd2+ 10. Nbxd2 O-O 11. O-O Re8 $146 (11... Bf5 12. Rc1 Qe7 13. Nb3 f6 14. Re1 Kh8 15. Bb5 Nd8 16. exf6 Qxf6 17. Ne5 c6 {1-0 Jobava,B (2582)-Adams,M (2714) EU-chT 23rd Terme Catez 2021 (2.11)}) 12. Rc1 f6 13. Bb5 Bd7 {[%cal Rc6e5]} 14. Re1 Nxe5 {Strong Rooks White (c1+e1)} 15. dxe5 {White sacrificed a pawn} Bxb5 ({Black should try} 15... Nxd2 $14 16. Qxd2 Bxb5) 16. Nxe4 $16 dxe4 17. Qb3+ Kh8 18. Qxb5 (18. Rxe4 Bc6 19. Rd1 Qe7 $11) (18. exf6 {simplifies} gxf6 19. Qxb5 exf3 20. Rxe8+ Qxe8 21. Qxb7 c6 22. Qxc6 Qxc6 23. Rxc6 Rg8 24. Rxf6 Rxg2+ 25. Kf1) 18... c6 19. Qxb7 exf3 20. Qxc6 Qd2 21. Rcd1 (21. gxf3 fxe5 $14) 21... Qa5 22. Qxf3 $40 {[%mdl 128] White wants a kill.} fxe5 {Black is weak on the light squares} (22... Rab8 $16 {keeps fighting.} 23. e6 Qxa2) 23. Qd5 Qb6 24. b3 Rf8 {[#]} 25. Qd2 {Active counter play!} (25. Qxe5 $6 Qxf2+ 26. Kh1 Qxa2 $14) 25... a5 (25... Rad8 $16 26. Qb2 Rd4) 26. Qe3 Qb4 27. Qxe5 a4 28. Rd7 {[%csl Gd7][%cal Re5g7,Bd1d7,Bd7e7,Be7a7,Ba7a8][%mdl 32]} Rf6 29. Qe7 Qxe7 30. Rdxe7 $18 {[%mdl 4096] Endgame KRR-KRR. White is two pawns up.} a3 $2 {[#]} (30... axb3 31. Re8+ (31. axb3 Rff8 $18) 31... Rf8 32. Rxf8+ (32. Rxa8 Rxa8 33. axb3 Kg8 $18) 32... Rxf8) 31. Ra7 $1 {[%mdl 512]} Rff8 (31... Rd8 32. h3) 32. Ree7 Rac8 {( -> ...Rc1+)} 33. g3 (33. Rxa3 $2 {gets mated.} Rc1+) 33... Rc1+ 34. Kg2 Rc2 35. Rf7 ({Inferior is} 35. Rxa3 Rfxf2+ 36. Kg1 Rg2+ 37. Kf1 h5 $11) 35... Rxf7 (35... Rg8 $18 36. Rxa3 Rc5) 36. Ra8+ {Weighted Error Value: White=0.04 (flawless) /Black=0.43  Mistake:       	---       	Black=5      Inaccurate:     	---       	Black=2      OK:         	White=13    	Black=10     Best:        	White=3     	---} 1-0

[Event "2nd Sampa STD Open 2025"]
[Site "Sao Paulo"]
[Date "2025.02.01"]
[Round "1"]
[White "Silva, Caio Henrique Angeli"]
[Black "Pimenta, Heitor Castelar Brit"]
[Result "1-0"]
[Annotator "TA"]
[WhiteElo "2197"]
[BlackElo "1896"]
[PlyCount "51"]
[EventDate "2025.02.01"]
[EventType "swiss"]
[EventCountry "BRA"]
[SourceTitle "playchess.com"]
[Source "ChessBase"]
[SourceQuality "1"]

{[%evp 13,51,0,40,22,66,70,73,57,74,66,119,106,128,114,116,117,153,142,151,152,214,213,227,207,218,207,212,218,193,211,227,213,218,202,207,212,360,329,327,323]} 1. d4 Nf6 2. c4 e6 3. g3 d5 4. Bg2 dxc4 5. Nf3 Nc6 6. O-O Rb8 7. e3 a6 8. Qe2 {E04: Open Catalan: 5 Nf3.} Be7 9. Qxc4 O-O 10. b3 {White is better.} Bd7 $146 (10... Re8 11. Bb2 Bd6 12. Nbd2 e5 13. dxe5 Nxe5 14. Qc2 Qe7 15. Rac1 c6 16. Rfe1 Nd5 17. Nxe5 Bxe5 18. Bxe5 Qxe5 {1-0 Sowinski,P (2364)-Kazantzoglou,S (1927) EU-ch U14 31st 2023 (7)}) 11. Rd1 b5 (11... Nb4 $14) 12. Qe2 $16 Qc8 13. Bb2 Rd8 14. Nbd2 Nb4 {[%cal Bc6b4,Bb4d5,Bd5e7][%mdl 32]} 15. Rdc1 c6 16. Ne5 Qb7 (16... a5 $16 17. a3 Nbd5) 17. a3 $18 Nbd5 18. b4 Bd6 19. e4 Ne7 {[#]} 20. Nxf7 $1 {[%mdl 512]} Kxf7 21. e5 Bxe5 22. dxe5 Nfd5 23. Ne4 {aiming for Nd6+.} Kg8 24. Qg4 g6 (24... Ra8 {keeps fighting.} 25. Nf6+ Kh8) 25. h4 {[%cal Bh2h4,Bh4h5][%mdl 32] Black is weak on the dark squares} Rf8 26. h5 {White took control after the opening.   Weighted Error Value: White=0.07 (flawless) /Black=0.28 (precise)   Mistake:       	---       	Black=3      Inaccurate:     	---       	Black=2      OK:         	White=8     	Black=7} 1-0

[Event "2nd Sampa STD Open 2025"]
[Site "Sao Paulo"]
[Date "2025.02.01"]
[Round "1"]
[White "Contreras Huaman, Fiorella"]
[Black "Lelis, Lucas Porto"]
[Result "1-0"]
[Annotator "TA"]
[WhiteElo "2170"]
[BlackElo "1914"]
[PlyCount "75"]
[EventDate "2025.02.01"]
[EventType "swiss"]
[EventCountry "BRA"]
[SourceTitle "playchess.com"]
[Source "ChessBase"]
[SourceQuality "1"]
[TimeControl "5400+30"]

{[%evp 15,75,32,41,0,0,0,0,0,0,0,27,37,34,27,74,83,78,72,82,72,70,81,68,87,127,114,177,137,225,223,331,335,335,317,319,318,322,318,317,304,287,302,292,296,278,230,239,240,232,235,286,251,340,326,422,413,426,415,686,687,682,675]} 1. e4 e5 2. Nf3 Nc6 3. Bb5 a6 4. Ba4 Nf6 5. O-O b5 6. Bb3 Bc5 7. c3 d6 8. d4 Bb6 9. Re1 {9.Be3 is the modern continuation. C78: Ruy Lopez: Archangelsk and Möller Defences.} O-O 10. h3 Re8 11. Ng5 {The position is equal.} Re7 {A sharp opening} 12. d5 Nb8 13. a4 $146 (13. Be3 Nbd7 14. Bxb6 Nxb6 15. Nd2 Bd7 16. Nf1 a5 17. Ng3 a4 18. Bc2 Re8 19. Qf3 {0-1 Traetmar,M (1888)-Lenz,J (1954) GER Pfingstopen U25 blitz 2020 (8)}) 13... h6 14. Nf3 {[%cal Bg5f3,Bf3h4,Bh4f5][%mdl 32]} bxa4 (14... Ra7 $11) 15. Bxa4 $16 {Black is on the road to losing.} Bd7 16. Nh4 Bxa4 17. Rxa4 Re8 18. Nf5 Nbd7 19. Qf3 {[%csl Of5][%cal Oc1h6] Strong Square White (f5)} Nf8 20. Nd2 {White has more active pieces.} Qd7 (20... N6d7 $16) 21. b3 $40 {[%mdl 128] White goes for the king.} N8h7 (21... Qd8 $16 22. Nc4 N6d7 23. Nxb6 Nxb6) 22. Nc4 $18 {[%cal Oc1h6] Bxh6! would now be deadly.} h5 {[#]} (22... Rab8 {was called for.} 23. Rxa6 Qb5) 23. Nfxd6 $1 {[%mdl 512]} Bxf2+ 24. Qxf2 (24. Kxf2 cxd6 25. Qe3 Qe7 $18) 24... cxd6 25. Nb6 {[%csl LRa8,LRd7]} Qc7 26. Rc4 Qb7 27. Nxa8 Rxa8 28. b4 a5 29. bxa5 Rxa5 30. Rb4 Qc8 31. Qb2 Nd7 {Repels Rb8} 32. Be3 Qa6 33. Qe2 Qc8 34. Rc4 ({Less strong is} 34. Qxh5 Qxc3 35. Rbb1 Nhf6 $18) 34... Qa6 35. Rc6 Qxe2 36. Rxe2 Nc5 (36... Ra1+ $142 37. Kh2 Nhf6 38. Rxd6 Ra3) 37. Bxc5 Rxc5 38. Rb2 {Weighted Error Value: White=0.07 (flawless) /Black=0.37  Mistake:       	---       	Black=5      Inaccurate:     	---       	Black=3      OK:         	White=12    	Black=11     Best:        	White=2     	---} 1-0

[Event "2nd Sampa STD Open 2025"]
[Site "Sao Paulo"]
[Date "2025.02.01"]
[Round "1"]
[White "De Oliveira, Yuri Garcia"]
[Black "Cunha, Rodrigo Azalim"]
[Result "1-0"]
[Annotator "TA"]
[WhiteElo "1978"]
[BlackElo "1786"]
[PlyCount "103"]
[EventDate "2025.02.01"]
[EventType "swiss"]
[EventCountry "BRA"]
[SourceTitle "playchess.com"]
[Source "ChessBase"]
[SourceQuality "1"]
[TimeControl "5400+30"]

{[%evp 13,103,17,16,17,31,27,43,43,53,22,48,44,46,22,14,13,6,13,12,-1,0,-24,61,58,58,55,95,33,82,80,87,70,121,121,121,121,104,58,58,62,63,63,68,69,67,47,54,47,92,88,96,47,47,47,79,47,47,47,47,47,47,47,47,35,47,47,50,12,108,59,60,60,197,119,100,97,199,193,29970,29972,29972,29973,29973,29974,29972,29971,29976,29970,29974,29975,29977,29975]} 1. c4 e6 2. Nf3 d5 3. g3 Nf6 4. Bg2 Be7 5. O-O O-O 6. d4 c6 7. b3 b6 {[%cal Bb7b6,Bb6b5][%mdl 32]} 8. Bb2 a5 9. Qc2 Ba6 10. Nbd2 {White is slightly better.} b5 11. Rfd1 a4 12. Rac1 Nbd7 13. e4 axb3 14. axb3 bxc4 15. bxc4 dxc4 16. Bf1 Nb6 17. Ne5 Qc8 (17... Bb5 $1 $11 18. Qb1 (18. Ndxc4 Ba4 $17) (18. Bxc4 Nxc4 19. Ndxc4 Ba4 $17) (18. Nexc4 Ba4 $17) 18... Ba4 19. Ndxc4 (19. Re1 Bb4 $15) 19... Nxc4 20. Rxc4 Bxd1 21. Qxd1 Nxe4 22. Nxc6 Qd6) 18. Ndxc4 $14 Nxc4 19. Nxc4 Rb8 {Repels Nb6} 20. Ba1 (20. Ne5 $16 Bb7 21. Bg2 (21. Nxc6 $2 Qxc6 22. f3 Rfd8 $19)) 20... c5 (20... Re8 $14 {feels stronger.}) 21. d5 $16 exd5 22. exd5 {[%cal Be4d5,Bd5d6][%mdl 32]} Rd8 ({Better is} 22... Bxc4 $14 23. Bxc4 (23. Qxc4 Rb4 $16) 23... Bd6) 23. d6 Bf8 24. Bxf6 (24. Bd3 {is more complex.} Qe6 25. Re1 Qh3 26. Bxf6 gxf6 27. Ra1) 24... gxf6 25. Bd3 {White has more active pieces.} ({White should try} 25. Rd5 $16) 25... Bxc4 $14 26. Qxc4 {[%cal Od3h7] Strongly threatening Bxh7+!} Rxd6 {[#]} 27. Bxh7+ $1 Kg7 $1 28. Rxd6 (28. Qxc5 Rxd1+ 29. Rxd1 Bxc5 (29... Qxc5 $2 30. Be4 $19) 30. Be4 Qg4 31. Bc2 Qe2 32. Rf1 Qxc2 33. Kg2 Qe4+ 34. Kg1 Qf3 (34... Bxf2+ 35. Rxf2 Rb1+ 36. Rf1 Rb2 37. Rf2 Qe1+ 38. Kg2 Qxf2+ 39. Kh3 Qf3 40. Kh4 Rxh2#) 35. h4 Bxf2+ (35... Qxg3+ 36. Kh1 Qxh4+ 37. Kg2 Qg4+ 38. Kh2 Rh8#) 36. Rxf2 Rb1+ (36... Qxg3+ 37. Kf1 Rb1+ 38. Ke2 Rb2+ 39. Ke1 Qxf2+ 40. Kd1 Qg1#) (36... Qxg3+ 37. Kf1 Rb1+ 38. Ke2 Rb2+ 39. Ke1 Qxf2+ 40. Kd1 Qg1#)) 28... Bxd6 {Black is weak on the light squares} 29. Qd3 (29. Bc2 {simplifies} Qe6 30. Qd3 f5 31. Qxf5 Qxf5 32. Bxf5 Kf6 33. Bd3) 29... Be5 30. Bf5 Qf8 31. Qf3 {White wants to mate with Qg4+.} Qd6 32. Rd1 (32. Qh5 $16) 32... Bd4 33. Rd2 (33. Rb1 {simplifies} Rxb1+ 34. Bxb1 Kf8 35. Bh7) 33... Qa6 34. Bd3 Qa1+ 35. Kg2 Rb2 36. Qg4+ Kf8 37. Re2 Rxe2 38. Bxe2 {[%mdl 4096] Endgame. KQB-KQB} Qb2 39. h4 Qd2 40. h5 c4 {[#]} 41. Qc8+ (41. Bxc4 Bxf2 42. Qc8+ Kg7 $14) (41. h6 $1 $16 {And now Qc8+ would win.} f5 42. Qf3) 41... Kg7 42. Qxc4 ({Much worse is} 42. Bxc4 Qxf2+ 43. Kh3 Be5 44. Qg4+ Kh6 $11) 42... Be5 (42... f5 $14) 43. Qe4 (43. Bd3 $18) 43... Qd4 $16 44. Qf5 Qd2 {[#] Prevents f4.} (44... Qd5+ $16 45. Bf3 Qe6 46. Qxe6 fxe6) 45. Bd3 $1 $18 {Qh7+ is the strong threat.} Bd4 $2 (45... Kf8 $18 46. Qh7 Bd4) 46. Qg4+ {White mates.} Qg5 47. Qxd4 Qxh5 48. Qe4 Qh6 49. Qf5 Kf8 50. Be4 Kg7 51. f4 Kf8 52. Qh7 {Weighted Error Value: White=0.13 (very precise) /Black=0.31.  Mistake:       	White=5     	Black=7      Inaccurate:     	White=3     	Black=4      OK:         	White=14    	Black=12     Best:        	---       	Black=3      Strong:       	White=1     	Black=1} 1-0

[Event "2nd Sampa STD Open 2025"]
[Site "Sao Paulo"]
[Date "2025.02.01"]
[Round "1"]
[White "Kruger, Israel"]
[Black "Perdomo, Leandro"]
[Result "0-1"]
[Annotator "TA"]
[WhiteElo "1970"]
[BlackElo "2364"]
[PlyCount "89"]
[EventDate "2025.02.01"]
[EventType "swiss"]
[EventCountry "BRA"]
[SourceTitle "playchess.com"]
[Source "ChessBase"]
[SourceQuality "1"]

{[%evp 9,89,-5,-3,-1,0,-33,-25,-32,-33,-54,13,2,17,3,3,-2,-8,-18,-6,-25,-15,-33,-2,-11,-8,-60,-5,-17,0,-30,-31,-49,0,0,0,-21,-12,-17,0,0,-1,-11,0,-4,-10,0,-5,-47,0,-49,-15,-45,-42,-56,-33,-62,-62,-65,0,-19,23,22,21,21,21,21,39,0,0,0,10,-35,-20,-36,-17,-14,0,-104,720,-29992,630,-1011]} 1. e4 e5 2. Nc3 Nf6 3. Bc4 Bc5 4. d3 O-O 5. Nf3 d6 6. h3 {C27: Vienna Game: 2...Nf6 3 Bc4 Nxe4.} c6 7. Bg5 h6 8. Bh4 {Black has an edge.} Nbd7 9. Qd2 Bb4 $146 ({Black should try} 9... Re8 $15) (9... a5 10. a3 Qb6 11. Bb3 Re8 12. g4 Bb4 13. g5 hxg5 14. Rg1 gxh4 15. Qg5 g6 16. Qxg6+ {1-0 Becker Bertau,F (1954)-Tavassoli,B (1590) Hamburg Koenigsspringer Elo op 5th 2007 (3)}) 10. a3 $11 Qa5 11. O-O (11. axb4 Qxa1+ 12. Nd1 d5 $19) 11... Bxc3 12. bxc3 {A sharp opening} (12. Qxc3 {simplifies} Qxc3 13. bxc3 b5 14. Bb3) 12... Re8 13. Rfe1 Nh5 14. Nh2 {[%cal Bf3h2,Bh2g4,Bg4e3,Be3f5][%mdl 32]} Nf8 15. Ng4 $1 {[%cal Og4h6] and Nxh6+! would now be decisive} Nf4 (15... d5 {keeps more tension.} 16. Nxh6+ gxh6 17. Qxh6 Ng6) 16. Bg3 N8g6 17. d4 (17. Bb3 $11) 17... Be6 (17... h5 $15 18. Ne3 exd4 19. Qxd4 h4 20. Bxf4 Nxf4 21. Qxd6 Qg5 (21... Rxe4 22. Bd3 $11)) 18. Bxe6 Nxe6 {A dynamic duo of knights.} 19. Qd3 Rad8 (19... h5 $5 20. Ne3 $8 h4 $17) 20. Ne3 Qa4 (20... Nef4 $15 21. Qc4 exd4 22. Qxd4 c5) 21. Nf5 Kh7 22. Red1 Nef4 23. Qd2 Qc4 24. Re1 {Dodges Ne2+} f6 25. a4 b6 26. Kh2 Qf7 27. f3 d5 28. Bf2 Ne7 (28... c5 $15) 29. g3 (29. Nxe7 $11 {should be considered.} Rxe7 30. dxe5 fxe5 31. Bh4) 29... Ne6 30. Nxe7 Rxe7 31. exd5 Rxd5 32. h4 {[%cal Oa4a5] Prevents Ng5.} Red7 {[%cal Re5d4]} 33. Qe2 {[%cal Oa4a5]} Kh8 (33... R7d6 $15 34. Qd3+ g6) 34. f4 {[%cal Bf3f4,Bf4f5][%mdl 32]} c5 {[%cal Rc5d4]} 35. f5 $1 Nd8 {[%cal Rc5d4]} 36. c4 R5d6 37. d5 Nb7 38. a5 bxa5 39. Ra4 Rb6 40. c3 Re7 41. Rea1 e4 {[%cal Oe4e3] ...e3! is the strong threat.} 42. Be3 Qe8 43. R1a2 {[#]} (43. h5 $11) 43... Qxa4 $4 {[%mdl 8192]} 44. Qg4 $4 {[%mdl 8192] [#]} (44. Rxa4 $18 Rb1 45. Bf4) 44... Re8 $4 {[%mdl 8192]} 45. Rf2 $4 {[%mdl 8192] Weighted Error Value: White=0.27 (precise) /Black=0.33  Loses game:     	---       	Black=1      Missed win:     	White=1     	Black=1      Mistake:       	White=3     	Black=5      Inaccurate:     	White=7     	Black=3      OK:         	White=12    	Black=13     Best:        	White=1     	Black=1      Strong:       	White=2     	---} (45. Rxa4 $18 Re5 46. Kh3) 0-1

[Event "2nd Sampa STD Open 2025"]
[Site "Sao Paulo"]
[Date "2025.02.01"]
[Round "1"]
[White "Carvalho Jr, Celestino"]
[Black "Santos, Marcus Vinicius More"]
[Result "1/2-1/2"]
[Annotator "TA"]
[WhiteElo "1930"]
[BlackElo "2310"]
[PlyCount "46"]
[EventDate "2025.02.01"]
[EventType "swiss"]
[EventCountry "BRA"]
[SourceTitle "playchess.com"]
[Source "ChessBase"]
[SourceQuality "1"]

{[%evp 19,46,37,50,42,46,39,54,43,43,43,50,16,56,37,41,8,39,38,71,14,31,0,0,0,0,0,0,0,18]} 1. e4 e6 2. d4 d5 3. e5 c5 4. c3 Nc6 5. Nf3 Qb6 6. Be2 Nh6 7. Bxh6 gxh6 8. Qd2 Bg7 9. Na3 O-O 10. O-O Bd7 11. Nc2 {C02: French: Advance Variation.} f6 12. exf6 Rxf6 13. dxc5 {White is slightly better.} Qxc5 {[#]} 14. c4 $1 Be8 $146 (14... Rd8 15. b4) (14... Raf8 15. cxd5 exd5 16. Rad1 Be6 17. b4 Qd6 18. Nfd4 Bd7 19. b5 Ne5 20. Ne3 Rf4 {0-1 Durarbayli,V (2606)-Sankalp,G (2429) Titled Tuesday intern op 30th June blitz 2020 (4)}) 15. cxd5 exd5 16. Rac1 Qd6 17. Ncd4 Nxd4 (17... Qf4 {simplifies} 18. Qxf4 Rxf4 19. Nxc6 bxc6 20. b3 a5) 18. Nxd4 (18. Qxd4 $2 {too greedy.} Rxf3 19. Qc5 Rf6 20. Qxd6 Rxd6 $19) 18... Bd7 19. Bf3 {White is more active.} (19. Nb5 $16 Bxb5 20. Bxb5) 19... Raf8 20. Ne2 Rxf3 {The position is equal.} 21. gxf3 d4 22. Qd3 Bc6 {This pair of bishops is nice.} 23. f4 Re8 {Weighted Error Value: White=0.17 (very precise) /Black=0.12 (very precise)   Mistake:       	White=1     	---        Inaccurate:     	White=3     	Black=3      OK:         	White=4     	Black=3} 1/2-1/2

[Event "2nd Sampa STD Open 2025"]
[Site "Sao Paulo"]
[Date "2025.02.01"]
[Round "1"]
[White "Rigonati, Eduardo Enrico Santa"]
[Black "Cunha, Lucas Aguiar"]
[Result "0-1"]
[Annotator "TA"]
[WhiteElo "1921"]
[BlackElo "2222"]
[PlyCount "47"]
[EventDate "2025.02.01"]
[EventType "swiss"]
[EventCountry "BRA"]
[SourceTitle "playchess.com"]
[Source "ChessBase"]
[SourceQuality "1"]

{[%evp 15,47,-5,2,-2,93,90,90,87,183,209,185,-27,-41,-45,-33,-32,0,-29,-30,-26,-31,-147,-144,-157,-130,-130,-134,-130,-121,-258,-268,-279,-284,-260]} 1. e4 {[%cal Be2e4,Be4e5][%mdl 32]} c5 2. Nf3 Nc6 3. c3 Nf6 4. e5 Nd5 5. d4 cxd4 6. cxd4 d6 7. Bc4 Nb6 8. Bb5 dxe5 9. Nxe5 {B22: Sicilian: 2 c3.} Qd5 (9... Bd7 $11 10. Bxc6 Bxc6) 10. Bxc6+ $16 bxc6 11. O-O {White is better.} c5 (11... g6 $16) 12. Nc3 $18 Qxd4 13. Qxd4 $146 {[#]} (13. Nb5 $18 Qxe5 14. Re1) (13. Qe2 Nd7 14. Nxf7 Kxf7 15. Qf3+ Nf6 16. Qxa8 Qg4 17. Be3 h5 18. Rfe1 h4 19. h3 {1-0 Hajialiyev,I (2217)-Baghirov,O (1989) AZE-ch 1st League 2025 (3)}) 13... cxd4 $11 14. Nb5 Nd5 {White must now prevent ...f6. Against Nc7+} 15. Rd1 a6 16. Rxd4 axb5 17. Rxd5 f6 $36 {[%mdl 2048] Black has the initiative.} 18. Nd3 {[#]} (18. Nf3 $1 $15) 18... Be6 $1 $17 19. Rd4 ({Of course not} 19. Rxb5 Bc4 (19... Bxa2 $2 {too greedy.} 20. b3 $18) 20. Rb6 Bxd3) 19... Rxa2 20. Rxa2 Bxa2 21. f4 Bc4 {[%cal Oe7e5]} 22. f5 (22. Nf2 $17) 22... g6 $19 23. g4 h5 24. Nf4 {Weighted Error Value: White=0.50/Black=0.19 (very precise)   Missed win:     	White=1     	---        Mistake:       	White=2     	Black=2      Inaccurate:     	White=1     	Black=1      OK:         	White=5     	Black=5      Best:        	White=3     	Black=2      Strong:       	---       	Black=1} 0-1

[Event "2nd Sampa STD Open 2025"]
[Site "Sao Paulo"]
[Date "2025.02.01"]
[Round "1"]
[White "Da Costa, Mariana Nara Santana"]
[Black "De Siqueira, Luigy Lira"]
[Result "0-1"]
[Annotator "TA"]
[WhiteElo "1906"]
[BlackElo "2252"]
[PlyCount "55"]
[EventDate "2025.02.01"]
[EventType "swiss"]
[EventCountry "BRA"]
[SourceTitle "playchess.com"]
[Source "ChessBase"]
[SourceQuality "1"]
[TimeControl "5400+30"]

{[%evp 9,55,0,0,0,0,0,0,0,0,0,0,0,0,-27,-7,-25,-35,-37,-39,-76,-49,-47,-48,-40,-51,-85,-77,-81,-89,-183,-208,-216,-203,-276,-274,-277,-272,-281,-289,-356,-280,-269,-273,-278,-265,-275,-274,-445]} 1. d4 d5 2. c4 dxc4 3. Nc3 Nf6 4. e3 a6 5. a4 e5 6. Bxc4 {Qb3 would now be deadly. D20: Queen's Gambit Accepted: 3 e3 and 3 e4.} exd4 7. exd4 Nc6 8. Nf3 {The position is equal.} Bd6 9. O-O O-O 10. Bg5 h6 11. Bh4 Bg4 12. Be2 Re8 13. d5 $146 (13. h3 Bh5 14. Re1 g5 15. Bg3 Bxf3 16. Bxf3 Rxe1+ 17. Qxe1 Nxd4 18. Qd1 Bxg3 19. fxg3 {0-1 Najim,K (1751)-Hussein,A (2239) IRQ-chT 29th 2017 (7)}) 13... Nb4 14. Bc4 g5 15. Bg3 Bxg3 16. fxg3 Qd6 17. h3 Bh5 {[%cal Oa8d8] Black is much more active.} (17... b5 18. axb5 axb5 19. Rxa8 (19. Nxb5 Rxa1 20. Nxd6 Rxd1 $11) (19. Bxb5 Bxf3 20. Qxf3 Rxa1 $11) 19... Rxa8 20. Nxb5 (20. Bxb5 Bh5 $14) 20... Qb6+ 21. Kh2 $16) 18. Qd2 Bg6 {[%cal Ob4c2] aiming for ...Nc2!.} 19. Qf2 {[#]} (19. b3 $17) 19... Nc2 $1 $19 (19... Nbxd5 20. Nxd5 Nxd5 21. Rad1 $14) 20. Nd4 Nxa1 21. Rxa1 Ne4 22. Nxe4 Rxe4 23. Bd3 {[%cal Od4f5]} Re5 24. Rf1 Rf8 ({Weaker is} 24... Bxd3 25. Qxf7+ Kh8 26. Ne6 Rxe6 (26... Rxd5 27. Qg7#) 27. dxe6 Qd4+ 28. Rf2 $17) 25. Bc4 {Black has a decisive advantage.} Qc5 26. b3 Re4 27. Rd1 Rd8 28. Kh2 $2 {Weighted Error Value: White=0.20 (precise) /Black=0.06 (flawless)   Mistake:       	White=2     	---        Inaccurate:     	White=4     	Black=1      OK:         	White=7     	Black=18} (28. Rd2 {was worth a try.}) 0-1